| 000 | 00536nam a2200193 4500 | ||
|---|---|---|---|
| 001 | 109936 | ||
| 003 | ES-MaACL | ||
| 005 | 20230906184938.0 | ||
| 007 | t| | ||
| 008 | 061121s1946 be r ||||1| fre d | ||
| 100 | 1 |
_aMogin, Jean. _981786 |
|
| 245 | 1 | 4 |
_aLes jubés de la Renaissance / _cJean Mogin. |
| 260 |
_aBruxelles : _bCercle d'Art, _c1946. |
||
| 300 |
_a42 p., 39 lám. ; _c24 cm. |
||
| 490 | 1 | _aL'art en Belgique | |
| 830 | 0 |
_aL'art en Belgique _9182903 |
|
| 852 |
_aES-MaACL _jC-4977 _bR.25280 |
||
| 999 |
_c109936 _d109936 |
||